Medical Dictionary / (Record no. 149592)

MARC details
000 -LEADER
fixed length control field 00505nam a22001817a 4500
005 - DATE AND TIME OF LATEST TRANSACTION
control field 20180131104009.0
010 ## - LCCN (DPL NO)
LC control number ENG-122175
020 ## - INTERNATIONAL STANDARD BOOK NUMBER
International Standard Book Number 9789350651421
Terms of availability 300.00
035 ## - SYSTEM CONTROL NUMBER
System control number EN-105707
037 ## - SOURCE OF ACQUISITION
Source of stock number/acquisition DBAD/PUB
082 ## - DEWEY DECIMAL CLASSIFICATION NUMBER
Classification number 610.3
100 ## - MAIN ENTRY--PERSONAL NAME
Personal name Nath, Rakesh
245 ## - TITLE STATEMENT
Title Medical Dictionary /
Statement of responsibility, etc by Rakesh Nath
260 ## - PUBLICATION, DISTRIBUTION, ETC. (IMPRINT)
Place of publication, distribution, etc New Delhi
Name of publisher, distributor, etc Vishv Publishers
Date of publication, distribution, etc 2008
270 ## - ADDRESS
Address M-12, Connaught Circus,
City New Delhi
Postal code 110001
300 ## - PHYSICAL DESCRIPTION
Extent 367p.
Dimensions 22cm(pbk)
942 ## - ADDED ENTRY ELEMENTS (KOHA)
Source of classification or shelving scheme Dewey Decimal Classification
Item type English Books
Classification part 610.3
Call number suffix NAT
Holdings
Withdrawn status Lost status Not for loan Collection code Home library Current library Date acquired Source of acquisition Cost, normal purchase price Full call number Barcode Copy number Cost, replacement price Koha item type
    Not For Loan Non-fiction D.B.Act.Division Bawana 31/01/2018 DBAD/PUB 300.00 610.3 NAT EN-105707 1 300.00 English Books

© Delhi Public Library
Hit Counter
free hit counter